Statistics for Guess The Disney Princess From Movie

Click here to take the quiz!

General Stats

  • This quiz has been taken 113 times
    (73 since last reset)
  • The average score is 6 of 7

Answer Stats

disney movieprincess% Correct
frozenelsa
98%
frozenanna
97%
little mermaidariel
97%
beauty and the beastbelle
97%
tangledrapunzel
95%
cinderellacinderella
92%
descendants (Marry Ben)mal
64%

Score Distribution

Percentile by Number Answered

Percent of People with Each Score

Your Score History

You have not taken this quiz since the last reset